[Event "Chinese League Div-A Final-KO 2023"]
[Site "Xiongan"]
[Date "2023.12.09"]
[Round "7.6"]
[White "Wang, Shixu B"]
[Black "Liu, Yan"]
[Result "1/2-1/2"]
[WhiteElo "2409"]
[BlackElo "2579"]
[Annotator "RC"]
[PlyCount "83"]
[EventDate "2023.12.02"]
[EventCountry "CHN"]
[SourceTitle "playchess.com"]
[Source "ChessBase"]
[SourceQuality "1"]

1. d4 {[%emt 0:00:02]} Nf6 {[%emt 0:00:14]} 2. c4 {[%emt 0:00:04]} e6 {[%emt 0:00:08]} 3. Nf3 {[%emt 0:00:22]} d5 {[%emt 0:00:11]} 4. Nc3 {[%emt 0:00:10]} Nbd7 {[%emt 0:00:12]} 5. Bf4 {[%emt 0:08:30]} dxc4 {[%emt 0:00:08]} 6. e3 {[%emt 0:00:04]} b5 {[%emt 0:00:07]} 7. Nxb5 {[%emt 0:00:04]} Bb4+ {[%emt 0:00:08]} 8. Nc3 {[%emt 0:00:04]} Nd5 {[%emt 0:00:14]} 9. a3 {[%emt 0:00:31]} Nxc3 {[%emt 0:00:18]} 10. Qc2 {[%emt 0:00:11]} Nd5+ {[%emt 0:16:44]} 11. axb4 {[%emt 0:00:06]} Nxf4 {[%emt 0:00:08]} 12. exf4 {[%emt 0:00:05]} Bb7 {[%emt 0:00:31]} 13. Be2 {[%emt 0:00:40]} Nb6 {[%emt 0:01:17]} 14. O-O {[%emt 0:01:38]} Qd6 {[%emt 0:11:05]} 15. Qd2 {[%emt 0:02:40]} Nd5 {[%emt 0:16:55]} 16. Ne5 {[%emt 0:00:58]} f6 {[%emt 0:09:53]} 17. Nxc4 {[%emt 0:00:25]} Qxf4 {[%emt 0:00:06]} 18. Bf3 {[%emt 0:04:02]} Qxd2 {[%emt 0:05:24]} 19. Nxd2 {[%emt 0:00:04]} Kf7 {[%emt 0:06:52]} 20. Rfc1 {[%emt 0:14:20]} Rhb8 {[%emt 0:00:25]} 21. Ne4 {[%emt 0:03:34]} c6 {[%emt 0:07:20]} 22. Nd6+ {[%emt 0:01:41]} Ke7 {[%emt 0:00:08]} 23. Nxb7 {[%emt 0:00:06]} Rxb7 {[%emt 0:00:05]} 24. Rxc6 {[%emt 0:00:06]} Rd8 {[%emt 0:06:06]} 25. Raa6 {[%emt 0:10:02]} Nb6 {[%emt 0:09:01]} 26. Rc1 {[%emt 0:23:38]} Nd5 {[%emt 0:00:28]} 27. Re1 {[%emt 0:02:03]} Rd6 {[%emt 0:01:00]} 28. Ra5 {[%emt 0:00:05]} Kf7 {[%emt 0:02:38]} 29. h4 {[%emt 0:00:18]} a6 {[%emt 0:00:58]} 30. Rc5 {[%emt 0:01:36]} Rxb4 {[%emt 0:01:00]} 31. Bxd5 {[%emt 0:00:25]} Rxd5 {[%emt 0:00:08]} 32. Rc7+ {[%emt 0:00:29]} Kg6 {[%emt 0:00:11]} 33. Rxe6 {[%emt 0:00:46]} Rdxd4 {[%emt 0:00:41]} 34. Ree7 {[%emt 0:02:56]} Rxh4 {[%emt 0:02:00]} 35. Rxg7+ {[%emt 0:00:10]} Kf5 {[%emt 0:00:05]} 36. Rc5+ {[%emt 0:01:50]} Ke6 {[%emt 0:00:45]} 37. Rc6+ {[%emt 0:02:04]} Kf5 {[%emt 0:00:10]} 38. g3 {[%emt 0:03:45]} Rh6 {[%emt 0:02:33]} 39. Rxa6 {[%emt 0:02:49]} Rxb2 {[%emt 0:00:18]} 40. g4+ {[%emt 0:12:55]} Kf4 {[%emt 0:01:23]} 41. Ra5 {[%emt 0:02:02]} Rg6 {[%emt 0:03:31]} 42. Rxg6 {[%emt 0:00:10]} 1/2-1/2

[Event "Chinese League Div-A Final-KO 2023"]
[Site "Xiongan"]
[Date "2023.12.09"]
[Round "7.7"]
[White "Bu, Xiangzhi"]
[Black "Wang, Yue"]
[Result "1/2-1/2"]
[WhiteElo "2677"]
[BlackElo "2659"]
[Annotator "TA"]
[PlyCount "62"]
[EventDate "2023.12.02"]
[EventCountry "CHN"]
[SourceTitle "playchess.com"]
[Source "ChessBase"]
[SourceQuality "1"]

{[%evp 12,62,29,5,12,10,30,27,36,29,17,18,22,11,29,7,12,12,31,18,16,14,14,5,0,5,25,-28,-27,-26,-25,-20,-17,-27,-33,-28,-8,-9,0,0,0,0,0,0,0,0,1,1,1,1,1,1,1]} 1. d4 {[%emt 0:00:30]} d5 {[%emt 0:00:07]} 2. c4 {[%emt 0:00:05]} dxc4 {[%emt 0:00:05]} 3. e3 {[%emt 0:04:45]} Nf6 {[%emt 0:00:22]} 4. Bxc4 {[%emt 0:00:05]} e6 {[%emt 0:00:03]} 5. Nf3 {[%emt 0:00:27]} c5 {[%emt 0:00:06]} 6. O-O {[%emt 0:01:37]} a6 {[%emt 0:00:04]} 7. Nbd2 {[%emt 0:03:30]} cxd4 {[%emt 0:00:53] D27: Queen's Gambit Accepted: Classical main line: 7 e4!? and 7 a4.} 8. Nxd4 {[%emt 0:00:23]} Bd7 {[%emt 0:00:07]} 9. b3 {[%emt 0:04:40]} Nc6 {[%emt 0:02:51] White has an edge.} 10. N4f3 {[%emt 0:00:13]} Be7 {[%emt 0:08:38]} 11. Bb2 {[%emt 0:00:38]} O-O {[%emt 0:00:20]} 12. Qb1 $1 {[%emt 0:08:27][%mdl 4] [#] is recently more successful than 12.Rc1.} Rc8 $146 {[%emt 0:11:41]} ({Predecessor:} 12... Qa5 13. Ne4 Nxe4 14. Qxe4 Qf5 15. Bd3 Qxe4 16. Bxe4 f5 17. Bd3 Rfd8 18. Rfd1 Kf7 {½-½ Navara,D (2693)-Van Foreest,J (2714) Sigeman & Co 27th 2022 (4)}) 13. a3 {[%emt 0:12:00]} Na5 {[%emt 0:15:32]} 14. Rd1 {[%emt 0:06:04]} Qe8 {[%emt 0:08:02]} 15. Ng5 {[%emt 0:14:29] [#] Bxf6 would be deadly.} h6 {[%emt 0:01:54]} 16. Nge4 {[%emt 0:03:41] With the idea Nxf6+.} (16. Bxf6 {simplifies} hxg5 17. Bxe7 Qxe7 18. Be2) 16... Nd5 {[%emt 0:11:39]} 17. Bxd5 {[%emt 0:13:49]} exd5 {[%emt 0:00:01]} 18. Ng3 {[%emt 0:00:04]} Bg4 {[%emt 0:02:46] [#]} 19. Nf5 {[%emt 0:02:38]} Qd7 $11 {[%emt 0:05:20]} 20. Nxe7+ {[%emt 0:08:40]} Qxe7 {[%emt 0:00:09]} 21. Rc1 {[%emt 0:03:21]} Rxc1+ {[%emt 0:00:46]} 22. Qxc1 {[%emt 0:00:05] White is weak on the light squares} Rc8 {[%emt 0:00:04] Dodges Qc3} 23. Qb1 {[%emt 0:00:04]} Qe6 {[%emt 0:01:19]} (23... Qg5 $5 {[%cal Rg4f5]}) 24. Qd3 {[%emt 0:00:45] The position is equal.} f6 {[%emt 0:02:14] aiming for ...Bf5.} 25. Rc1 {[%emt 0:00:31]} Rxc1+ {[%emt 0:01:29]} 26. Bxc1 {[%emt 0:00:01]} Bf5 {[%emt 0:00:40]} 27. Qc3 {[%emt 0:02:27]} Qc6 {[%emt 0:00:22]} 28. Bb2 {[%emt 0:00:08]} Qxc3 {[%emt 0:00:06]} 29. Bxc3 {[%emt 0:00:02]} Nc6 {[%emt 0:00:04]} 30. Nf3 {[%emt 0:00:11]} Kf7 {[%emt 0:00:04]} 31. Nd4 {[%emt 0:00:08]} Nxd4 {[%emt 0:00:04] Weighted Error Value: White=0.08 (flawless) /Black=0.05 (flawless)} 1/2-1/2

[Event "Chinese League Div-A Final-KO 2023"]
[Site "Xiongan"]
[Date "2023.12.09"]
[Round "7.8"]
[White "Dai, Changren"]
[Black "Zeng, Chongsheng"]
[Result "0-1"]
[WhiteElo "2491"]
[BlackElo "2577"]
[Annotator "RC"]
[PlyCount "96"]
[EventDate "2023.12.02"]
[EventCountry "CHN"]
[SourceTitle "playchess.com"]
[Source "ChessBase"]
[SourceQuality "1"]

1. e4 {[%emt 0:00:02]} c5 {[%emt 0:00:22]} 2. Nf3 {[%emt 0:00:11]} d6 {[%emt 0:00:06]} 3. d4 {[%emt 0:00:04]} cxd4 {[%emt 0:00:10]} 4. Nxd4 {[%emt 0:00:03]} Nf6 {[%emt 0:00:05]} 5. Nc3 {[%emt 0:00:05]} a6 {[%emt 0:00:03]} 6. Be3 {[%emt 0:00:05]} e5 {[%emt 0:00:23]} 7. Nb3 {[%emt 0:00:02]} Be6 {[%emt 0:00:06]} 8. f3 {[%emt 0:00:47]} h5 {[%emt 0:00:18]} 9. Nd5 {[%emt 0:02:04]} Bxd5 {[%emt 0:00:36]} 10. exd5 {[%emt 0:00:08]} Nbd7 {[%emt 0:00:02]} 11. Qd2 {[%emt 0:00:40]} g6 {[%emt 0:00:50]} 12. O-O-O {[%emt 0:00:08]} Nb6 {[%emt 0:01:04]} 13. Kb1 {[%emt 0:00:08]} Nbxd5 {[%emt 0:00:39]} 14. Bf2 {[%emt 0:01:25]} Qc7 {[%emt 0:12:25]} 15. c4 {[%emt 0:06:36]} Nf4 {[%emt 0:03:30]} 16. Be3 {[%emt 0:13:41]} Ne6 {[%emt 0:01:25]} 17. Be2 {[%emt 0:22:58]} Be7 {[%emt 0:02:35]} 18. Rc1 {[%emt 0:02:18]} Rd8 {[%emt 0:04:48]} 19. h4 {[%emt 0:09:04]} b6 {[%emt 0:05:00]} 20. Qe1 {[%emt 0:06:37]} Nd7 {[%emt 0:02:46]} 21. g4 {[%emt 0:04:05]} Qb7 {[%emt 0:07:55]} 22. Qf2 {[%emt 0:09:47]} hxg4 {[%emt 0:06:41]} 23. fxg4 {[%emt 0:08:45]} Bxh4 {[%emt 0:01:22]} 24. Rxh4 {[%emt 0:03:04]} Rxh4 {[%emt 0:00:12]} 25. Nd2 {[%emt 0:00:34]} Rh1 {[%emt 0:01:46]} 26. Bf3 {[%emt 0:02:32]} Rxc1+ {[%emt 0:00:06]} 27. Kxc1 {[%emt 0:00:03]} Qc7 {[%emt 0:00:43]} 28. Bd5 {[%emt 0:00:07]} Ndc5 {[%emt 0:01:21]} 29. Qf6 {[%emt 0:02:50]} Nf4 {[%emt 0:05:46]} 30. Bxf4 {[%emt 0:03:03]} Nd3+ {[%emt 0:00:11]} 31. Kb1 {[%emt 0:01:03]} Nxf4 {[%emt 0:00:03]} 32. Ne4 {[%emt 0:00:09]} Nxd5 {[%emt 0:01:56]} 33. cxd5 {[%emt 0:00:02]} Qe7 {[%emt 0:00:24]} 34. Qf2 {[%emt 0:02:13]} Rb8 {[%emt 0:05:50]} 35. g5 {[%emt 0:00:08]} Kd8 {[%emt 0:00:53]} 36. a3 {[%emt 0:02:03]} Qd7 {[%emt 0:01:07]} 37. Qf6+ {[%emt 0:00:56]} Kc7 {[%emt 0:00:36]} 38. Ka2 {[%emt 0:00:16]} Rd8 {[%emt 0:01:00]} 39. Qf1 {[%emt 0:00:06]} Kb7 {[%emt 0:01:00]} 40. Qf6 {[%emt 0:00:05]} Qc7 {[%emt 0:00:23]} 41. Kb1 {[%emt 0:00:59]} Rd7 {[%emt 0:00:26]} 42. a4 {[%emt 0:00:57]} b5 {[%emt 0:00:55]} 43. axb5 {[%emt 0:00:11]} axb5 {[%emt 0:00:04]} 44. b3 {[%emt 0:00:09]} Qb6 {[%emt 0:00:15]} 45. Qf1 {[%emt 0:03:11]} Ka6 {[%emt 0:00:40]} 46. Qc1 {[%emt 0:02:10]} Kb7 {[%emt 0:01:12]} 47. Qf1 {[%emt 0:00:02]} Rc7 {[%emt 0:00:47]} 48. Qe1 {[%emt 0:01:46]} Ka6 {[%emt 0:00:36]} 0-1

[Event "Chinese League Div-A Final-KO 2023"]
[Site "Xiongan"]
[Date "2023.12.09"]
[Round "7.9"]
[White "Wang, Chuqiao"]
[Black "Xiao, Yiyi"]
[Result "1/2-1/2"]
[WhiteElo "2215"]
[BlackElo "2343"]
[Annotator "RC"]
[PlyCount "102"]
[EventDate "2023.12.02"]
[EventCountry "CHN"]
[SourceTitle "playchess.com"]
[Source "ChessBase"]
[SourceQuality "1"]

1. d4 {[%emt 0:00:05]} Nf6 {[%emt 0:00:17]} 2. c4 {[%emt 0:00:14]} g6 {[%emt 0:00:59]} 3. Nc3 {[%emt 0:00:22]} d5 {[%emt 0:01:37]} 4. cxd5 {[%emt 0:00:22]} Nxd5 {[%emt 0:00:06]} 5. Bd2 {[%emt 0:00:06]} Nb6 {[%emt 0:00:25]} 6. e3 {[%emt 0:00:33]} Bg7 {[%emt 0:00:28]} 7. Nf3 {[%emt 0:01:03]} O-O {[%emt 0:02:29]} 8. Be2 {[%emt 0:02:41]} Nc6 {[%emt 0:04:30]} 9. O-O {[%emt 0:03:29]} e5 {[%emt 0:03:27]} 10. dxe5 {[%emt 0:02:51]} Qe7 {[%emt 0:12:40]} 11. Rc1 {[%emt 0:03:03]} Rd8 {[%emt 0:03:47]} 12. Qc2 {[%emt 0:03:07]} Nxe5 {[%emt 0:04:46]} 13. Nxe5 {[%emt 0:00:33]} Qxe5 {[%emt 0:00:50]} 14. Rfd1 {[%emt 0:02:28]} c6 {[%emt 0:01:52]} 15. Be1 {[%emt 0:10:54]} Be6 {[%emt 0:00:56]} 16. Rxd8+ {[%emt 0:01:21]} Rxd8 {[%emt 0:00:06]} 17. Rd1 {[%emt 0:00:04]} Re8 {[%emt 0:07:51]} 18. b3 {[%emt 0:02:28]} a5 {[%emt 0:06:30]} 19. Bd3 {[%emt 0:13:30]} Ra8 20. h3 {[%emt 0:12:41]} Nd5 {[%emt 0:11:29]} 21. Nxd5 {[%emt 0:00:17]} Bxd5 {[%emt 0:00:17]} 22. Bc4 {[%emt 0:02:33]} Be4 {[%emt 0:02:15]} 23. Bd3 {[%emt 0:00:36]} Bxd3 {[%emt 0:03:21]} 24. Qxd3 {[%emt 0:01:47]} Bf6 {[%emt 0:00:20]} 25. Qc4 {[%emt 0:02:26]} Qe7 {[%emt 0:02:15]} 26. Bc3 {[%emt 0:05:20]} Rd8 {[%emt 0:00:25]} 27. Rxd8+ {[%emt 0:02:21]} Qxd8 {[%emt 0:00:06]} 28. Bxf6 {[%emt 0:00:19]} Qxf6 {[%emt 0:00:06]} 29. a4 {[%emt 0:00:12]} Qa1+ {[%emt 0:01:56]} 30. Kh2 {[%emt 0:00:09]} Qe5+ {[%emt 0:00:04]} 31. Kg1 {[%emt 0:01:45]} Qd6 {[%emt 0:02:21]} 32. e4 {[%emt 0:02:33]} h5 {[%emt 0:05:38]} 33. Qc3 {[%emt 0:01:34]} Qd1+ {[%emt 0:03:04]} 34. Kh2 {[%emt 0:00:06]} Qd6+ {[%emt 0:00:12]} 35. Kg1 {[%emt 0:00:05]} b6 {[%emt 0:03:50]} 36. g3 {[%emt 0:03:59]} Kf8 {[%emt 0:01:41]} 37. Kg2 {[%emt 0:01:09]} Ke7 {[%emt 0:01:25]} 38. Qc4 {[%emt 0:00:40]} Qe6 {[%emt 0:01:21]} 39. Qd3 {[%emt 0:00:19]} Qd6 {[%emt 0:01:32]} 40. Qc4 {[%emt 0:00:23]} Qe6 {[%emt 0:00:32]} 41. Qd3 {[%emt 0:00:11]} c5 {[%emt 0:00:30]} 42. h4 {[%emt 0:00:54]} Qc6 {[%emt 0:06:45]} 43. Kf3 {[%emt 0:01:56]} Qf6+ {[%emt 0:01:37]} 44. Ke3 {[%emt 0:01:01]} Qe5 {[%emt 0:01:20]} 45. Qb5 {[%emt 0:02:48]} Qd4+ {[%emt 0:04:49]} 46. Kf3 {[%emt 0:00:07]} Qc3+ {[%emt 0:00:23]} 47. Ke2 {[%emt 0:00:29]} Qb2+ {[%emt 0:00:14]} 48. Kf3 {[%emt 0:00:41]} Qf6+ {[%emt 0:00:16]} 49. Ke3 {[%emt 0:00:11]} Kd8 {[%emt 0:01:05]} 50. Qd3+ {[%emt 0:00:26]} Kc7 {[%emt 0:01:02]} 51. Qd5 {[%emt 0:00:07]} Qc3+ {[%emt 0:01:44]} 1/2-1/2

[Event "Chinese League Div-A Final-KO 2023"]
[Site "Xiongan"]
[Date "2023.12.09"]
[Round "7.10"]
[White "Zhang, Xiaowen"]
[Black "Huang, Qian"]
[Result "1/2-1/2"]
[WhiteElo "2261"]
[BlackElo "2410"]
[Annotator "RC"]
[PlyCount "61"]
[EventDate "2023.12.02"]
[EventCountry "CHN"]
[SourceTitle "playchess.com"]
[Source "ChessBase"]
[SourceQuality "1"]

1. e4 {[%emt 0:00:03]} c5 {[%emt 0:02:33]} 2. c3 {[%emt 0:01:53]} Nf6 {[%emt 0:03:04]} 3. e5 {[%emt 0:00:09]} Nd5 {[%emt 0:00:07]} 4. d4 {[%emt 0:00:13]} cxd4 {[%emt 0:01:23]} 5. Nf3 {[%emt 0:00:32]} Nc6 {[%emt 0:00:12]} 6. cxd4 {[%emt 0:00:11]} d6 {[%emt 0:01:33]} 7. Bc4 {[%emt 0:03:35]} Nb6 {[%emt 0:02:40]} 8. Bb5 {[%emt 0:00:07]} dxe5 {[%emt 0:01:32]} 9. Nxe5 {[%emt 0:00:07]} Bd7 {[%emt 0:00:07]} 10. Nxd7 {[%emt 0:01:50]} Qxd7 {[%emt 0:00:07]} 11. Nc3 {[%emt 0:02:03]} e6 {[%emt 0:01:13]} 12. O-O {[%emt 0:00:26]} a6 {[%emt 0:07:15]} 13. Bxc6 {[%emt 0:05:31]} Qxc6 {[%emt 0:00:31]} 14. Re1 {[%emt 0:01:08]} Be7 {[%emt 0:02:49]} 15. Qg4 {[%emt 0:02:36]} Bf6 {[%emt 0:02:46]} 16. Ne4 {[%emt 0:05:46]} Nd5 {[%emt 0:02:36]} 17. Nxf6+ {[%emt 0:02:13]} Nxf6 {[%emt 0:01:20]} 18. Qg3 {[%emt 0:00:08]} O-O {[%emt 0:01:11]} 19. Bh6 {[%emt 0:00:27]} Ne8 {[%emt 0:00:18]} 20. Bf4 {[%emt 0:02:13]} Rd8 {[%emt 0:01:36]} 21. Rac1 {[%emt 0:02:32]} Qd5 {[%emt 0:01:31]} 22. a3 {[%emt 0:00:14]} Nd6 {[%emt 0:07:23]} 23. Rc5 {[%emt 0:05:42]} Qxd4 {[%emt 0:00:53]} 24. Be5 {[%emt 0:00:12]} Nf5 {[%emt 0:00:07]} 25. Bxd4 {[%emt 0:00:41]} Nxg3 {[%emt 0:00:10]} 26. Bxg7 {[%emt 0:00:31]} Kxg7 {[%emt 0:00:26]} 27. hxg3 {[%emt 0:00:11]} Rd2 {[%emt 0:00:27]} 28. b4 {[%emt 0:00:20]} Rfd8 {[%emt 0:00:09]} 29. Rc7 {[%emt 0:00:24]} R8d7 {[%emt 0:00:10]} 30. Rxd7 {[%emt 0:00:06]} Rxd7 31. Re3 {[%emt 0:00:13]} 1/2-1/2

[Event "Chinese League Div-A Final-KO 2023"]
[Site "Xiongan"]
[Date "2023.12.10"]
[Round "8.1"]
[White "Wang, Hao"]
[Black "Wen, Yang"]
[Result "1-0"]
[WhiteElo "2694"]
[BlackElo "2574"]
[Annotator "TA"]
[PlyCount "83"]
[EventDate "2023.12.02"]
[EventCountry "CHN"]
[SourceTitle "playchess.com"]
[Source "ChessBase"]
[SourceQuality "1"]

{[%evp 17,83,0,6,0,0,2,8,0,0,0,4,3,10,0,14,0,3,0,27,27,29,33,35,33,28,33,29,33,42,38,30,28,43,33,51,32,33,15,60,45,48,35,73,49,63,7,45,0,74,0,0,0,25,8,36,16,108,54,154,139,179,119,174,217,356,356,29995,29996]} 1. e4 {[%emt 0:00:03]} e5 {[%emt 0:00:39]} 2. Nf3 {[%emt 0:00:06]} Nc6 {[%emt 0:00:05]} 3. Bc4 {[%emt 0:00:06]} Bc5 {[%emt 0:00:54]} 4. c3 {[%emt 0:00:47]} Nf6 {[%emt 0:00:11]} 5. d4 {[%emt 0:00:04]} exd4 {[%emt 0:00:16]} 6. e5 {[%emt 0:00:06]} d5 {[%emt 0:00:20]} 7. Bb5 {[%emt 0:00:04]} Ne4 {[%emt 0:00:40]} 8. cxd4 {[%emt 0:00:07]} Bb6 {[%emt 0:02:14] 8...Bb6 scores better than 8...Bb4+.} 9. Nc3 {[%emt 0:00:24]} O-O {[%emt 0:02:29]} 10. Be3 {[%emt 0:00:18] C54: Giuoco Piano: 4 c3 Nf6, main lines with 5 d4 and 5 d3.} Bg4 {[%emt 0:00:24]} 11. h3 {[%emt 0:00:07]} Bh5 {[%emt 0:00:05]} (11... Bxf3 {simplifies} 12. gxf3 Nxc3 13. bxc3 Ne7) 12. Qc2 {[%emt 0:00:09] The position is equal.} Nxc3 {[%emt 0:03:33]} 13. bxc3 {[%emt 0:01:19]} f6 {[%emt 0:00:21]} 14. exf6 {[%emt 0:00:47][%mdl 64] Remove Defender} Qxf6 {[%emt 0:00:07]} 15. Be2 {[%emt 0:00:36]} (15. Ng5 Bg6 16. Qb3 Rad8 $15) 15... Rae8 {[%emt 0:07:28]} 16. O-O {[%emt 0:01:11]} Na5 {[%emt 0:01:27] [#]} 17. Rae1 $1 $146 {[%emt 0:03:00][%mdl 8] A top novelty.} ({Predecessor:} 17. Ne5 Bxe2 18. Qxe2 Qe6 19. f4 Nc4 20. Rae1 Nxe5 21. dxe5 g5 22. Bxb6 Qxb6+ 23. Kh2 gxf4 {½-½ Ragger,M (2665)-Kryvoruchko,Y (2689) EU-Cup 36th Struga 2021 (6.4)}) 17... Qd6 {[%emt 0:19:36]} 18. Ne5 {[%emt 0:13:55]} Bxe2 {[%emt 0:00:23]} 19. Rxe2 {[%emt 0:00:07]} Nc4 {[%emt 0:02:55]} 20. Nxc4 {[%emt 0:14:44]} dxc4 {[%emt 0:00:15]} 21. Qa4 {[%emt 0:04:52]} Qd5 {[%emt 0:07:55]} 22. Rfe1 {[%emt 0:04:22]} a6 {[%emt 0:08:07]} 23. Bc1 {[%emt 0:09:46]} Rxe2 24. Rxe2 {[%emt 0:07:04]} Qb5 25. Qd1 h6 $1 {[%emt 0:07:39]} 26. Qe1 {[%emt 0:16:22]} Qb1 {[%emt 0:02:46]} 27. g4 {[%emt 0:09:19]} Rf7 {[%emt 0:09:18]} 28. Kg2 {[%emt 0:02:33] Hoping for Re8+.} Kh7 {[%emt 0:00:23]} 29. Re8 {[%emt 0:04:06]} (29. Re6 {simplifies} c5 30. Bd2 Qxe1 31. Bxe1 Ba7 32. d5) 29... Qg6 {[%emt 0:05:05]} 30. Re6 {[%emt 0:05:02]} (30. Qe2 {feels hotter.} Qc6+ 31. Kg3 Qh1 32. Bf4) 30... Qd3 {[%emt 0:02:26]} 31. f4 {[%emt 0:01:33]} (31. Qe3 $14) 31... c6 {[%emt 0:04:19]} (31... Ba5 $5 {[%cal Ra5c3]}) 32. h4 {[%emt 0:02:48]} Qc2+ {[%emt 0:02:26]} (32... Ba5 $11 {keeps the balance.}) 33. Kf3 {[%emt 0:01:33]} ({White should play} 33. Qd2 $16 Qb1 34. g5 (34. f5 Bd8 $11)) 33... Qd3+ $11 {[%emt 0:01:52]} (33... Qxa2 34. Qe4+ Kg8 35. Re8+ Rf8 36. Qe6+ Kh7 37. Rxf8) 34. Re3 {[%emt 0:03:45]} Qc2 {[%emt 0:00:09][%cal Oc2h2]} 35. Qd2 {[%emt 0:01:49] Prevents Qh2.} Qb1 {[%emt 0:00:58][%cal Oh6h5]} 36. h5 {[%emt 0:01:04]} g6 {[%emt 0:00:07]} (36... Bc7 $11 37. f5 Qb5) 37. Re6 {[%emt 0:00:58]} (37. hxg6+ $1 $16 Qxg6 38. Qh2) 37... g5 {[%emt 0:00:20] [#]} (37... gxh5 $14 38. f5 Qd3+ 39. Qxd3 hxg4+ 40. Kxg4 h5+ 41. Kxh5 cxd3) 38. Qe2 $1 $16 {[%emt 0:00:40][%cal Oe2c4] Strongly threatening Qxc4!} Bd8 {[%emt 0:02:09]} (38... Qxc1 39. Qe4+ Kg7 40. Qg6+ Kf8 41. Qxh6+ Rg7 42. Qh8+ Rg8 43. Qf6#) 39. Re8 $40 {[%emt 0:00:24][%mdl 128] Black is in trouble.} ({Resist} 39. Qe4+ Qxe4+ 40. Kxe4 gxf4) 39... Bc7 {[%emt 0:01:14]} (39... Bf6 $16) 40. Re7 $18 {[%emt 0:00:14]} ({And not} 40. Qxc4 Kg7 41. Qe6 Bxf4 $11) 40... Kg7 {[%emt 0:01:33] [#]} (40... Rg7 $2 41. fxg5 (41. Rxg7+ Kxg7 42. fxg5 hxg5 $18) 41... hxg5 42. h6 (42. Bxg5 Qh1+ 43. Kf2 Qh2+ 44. Ke1 Bg3+ 45. Kd1 Qxe2+ 46. Kxe2 Rxe7+ 47. Bxe7 Kh6 $18) 42... Kxh6 43. Rxc7 {[%mdl 64] Remove Defender, Decoy} Rxc7 44. Qh2+ Kg7 45. Qxc7+ $18) (40... Rxe7 $142 41. Qxe7+ Kh8 42. Qf8+ Kh7) 41. f5 $1 {[%emt 0:03:14][%cal Bf4f5,Bf5f6][%mdl 32] White threatens f6+ and mate.} Qxc1 $2 {[%emt 0:10:14] [#]} (41... Qd3+ $18 42. Qxd3 cxd3 43. Rxf7+ Kxf7) 42. f6+ $1 {[%emt 0:00:06] Weighted Error Value: White=0.11 (very precise) /Black=0.32} 1-0